00743nam a22001817a 4500003000400000020001800004082001700022100003300039245005300072260002700125300000800152650001300160653005300173942001200226952015300238952015300391999001700544SGT a9789392544262 a615.53bB24A aACHARYA, VAIDYA. RABINARAYAN aBOTANICAL BIODIVERSITY OF ETHNO- MEDICINAL VALUE aNEW DELHIbCCRASc2024 a343 aAYURVEDA aBOTANICAL, BIODIVERSITY, ETHNO, MEDICINAL, VALUE 2ddccBK 00102ddc4051708FAaAPLbAPLcREFd2026-04-24eABC PVT. LTD.g3560.00iSGTUl0o615.53 B24ApFA13338r2026-04-24 00:00:00w2026-04-10yBKk22873 00102ddc4051708FAaAPLbAPLcREFd2026-04-24eABC PVT. LTD.g3560.00iSGTUl0o615.53 B24ApFA13339r2026-04-24 00:00:00w2026-04-10yBKk22873 c34655d34655